000
00269nam a22001217a 4500
082
_a
894.812.3
_b
CHA/D
100
_a
CHANDRASEKHARAN NAIR , N
245
_a
DEVYANI
260
_a
TRIVANDRUM
_b
SREENIKETAN PRAKASAN
300
_a
100
650
_a
STORY
_z
KERALA
942
_c
BK
999
_c
1839
_d
1839